<?xml version="1.0" encoding="UTF-8"?>
<record
    xmlns:xsi="http://www.w3.org/2001/XMLSchema-instance"
    xsi:schemaLocation="http://www.loc.gov/MARC21/slim http://www.loc.gov/standards/marcxml/schema/MARC21slim.xsd"
    xmlns="http://www.loc.gov/MARC21/slim">

  <leader>01238nam a22002177a 4500</leader>
  <controlfield tag="005">20220421155441.0</controlfield>
  <controlfield tag="008">220309b           ||||| |||| 00| 0 eng d</controlfield>
  <datafield tag="020" ind1=" " ind2=" ">
    <subfield code="a">9789352676774</subfield>
  </datafield>
  <datafield tag="040" ind1=" " ind2=" ">
    <subfield code="c">AL</subfield>
  </datafield>
  <datafield tag="041" ind1=" " ind2=" ">
    <subfield code="a">eng</subfield>
  </datafield>
  <datafield tag="082" ind1=" " ind2=" ">
    <subfield code="2">23</subfield>
    <subfield code="a">641</subfield>
    <subfield code="b">LONI</subfield>
  </datafield>
  <datafield tag="100" ind1=" " ind2=" ">
    <subfield code="a">Longvah T</subfield>
    <subfield code="9">23249</subfield>
  </datafield>
  <datafield tag="245" ind1=" " ind2=" ">
    <subfield code="a">Indian food composition tables</subfield>
  </datafield>
  <datafield tag="260" ind1=" " ind2=" ">
    <subfield code="a">India</subfield>
    <subfield code="b">National Institute of nutrition</subfield>
    <subfield code="c">2017</subfield>
  </datafield>
  <datafield tag="300" ind1=" " ind2=" ">
    <subfield code="a">xxxi,535p.</subfield>
    <subfield code="b">HB</subfield>
    <subfield code="c">30.4x21.5cm.</subfield>
  </datafield>
  <datafield tag="365" ind1=" " ind2=" ">
    <subfield code="2">General</subfield>
    <subfield code="a">VBI-1343</subfield>
    <subfield code="b">&#x20B9;487.50</subfield>
    <subfield code="c">&#x20B9;</subfield>
    <subfield code="d">&#x20B9;650.00</subfield>
    <subfield code="e">25%</subfield>
    <subfield code="f">21-02-2022</subfield>
  </datafield>
  <datafield tag="520" ind1=" " ind2=" ">
    <subfield code="a">This book provides detailed information on the nutrient composition of a wide range of common Indian foods available all over India. It also has a write-up on the basic aspects of human nutrition. Keeping food composition date up-to-date is a continuous challenge. This book not only provides data of regular nutrients in foods complete an all respect but also on a whole range of bio-active substances. The tables contain data on oligosaccharides, phytosterols, organic acids and individual polyphenols. It also embodies an exhaustive database on amino acid and fatty acid profiles of various foods in India.</subfield>
  </datafield>
  <datafield tag="650" ind1=" " ind2=" ">
    <subfield code="2">Food</subfield>
    <subfield code="a">Food and drink</subfield>
    <subfield code="9">23250</subfield>
  </datafield>
  <datafield tag="700" ind1=" " ind2=" ">
    <subfield code="a">Ananthan, R; et.al</subfield>
    <subfield code="9">23251</subfield>
  </datafield>
  <datafield tag="942" ind1=" " ind2=" ">
    <subfield code="2">ddc</subfield>
    <subfield code="c">BK</subfield>
  </datafield>
  <datafield tag="999" ind1=" " ind2=" ">
    <subfield code="c">221799</subfield>
    <subfield code="d">221799</subfield>
  </datafield>
  <datafield tag="952" ind1=" " ind2=" ">
    <subfield code="0">0</subfield>
    <subfield code="1">0</subfield>
    <subfield code="2">ddc</subfield>
    <subfield code="4">0</subfield>
    <subfield code="7">0</subfield>
    <subfield code="8">FSND</subfield>
    <subfield code="a">SACPG</subfield>
    <subfield code="b">SACPG</subfield>
    <subfield code="d">2022-03-08</subfield>
    <subfield code="e">Vidyarthi Books</subfield>
    <subfield code="g">487.50</subfield>
    <subfield code="l">2</subfield>
    <subfield code="m">1</subfield>
    <subfield code="o">641 LONI</subfield>
    <subfield code="p">PG023735</subfield>
    <subfield code="r">2025-02-10 00:00:00</subfield>
    <subfield code="s">2025-01-27</subfield>
    <subfield code="v">650.00</subfield>
    <subfield code="w">2022-02-21</subfield>
    <subfield code="y">BK</subfield>
  </datafield>
</record>
